La academia norteamericana y su interpretación de la intervención armada de 1954 en Guatemala /

Wedi'i Gadw mewn:
Manylion Llyfryddiaeth
Prif Awdur: Fuentes Aqueche, Jorge E
Fformat: Texto
Tagiau: Ychwanegu Tag
Dim Tagiau, Byddwch y cyntaf i dagio'r cofnod hwn!

MARC

LEADER 00000 a a2200000 04500
001 45473
003
040
090 |a REV0780 (42)2004  
100 |a Fuentes Aqueche, Jorge E  
245 |a La academia norteamericana y su interpretación de la intervención armada de 1954 en Guatemala /  |c Jorge E. Fuentes Aqueche  
773 |g número42, VI Epoca (2004), páginas 103-123  
999 |c 21652  |d 21652